| 000 | 02721nam0a2200385 4500 | ||
|---|---|---|---|
| 001 | RU\NLR\BIBL_A\022671669 | ||
| 005 | 20260408234229.0 | ||
| 035 | _a(NLR Aleph) 022671669 | ||
| 090 |
_a13639056 _c13639056 |
||
| 100 | _a20251124d2025 u y0rusy50 ca | ||
| 101 | 0 | _arus | |
| 102 | _aRU | ||
| 105 | _aa b 000yy | ||
| 181 | 0 |
_ab2 _bxb2e |
|
| 181 | 0 |
_ai2 _bxxxe |
|
| 182 | 0 | _an | |
| 200 | 1 |
_aДар СПАСИ ОГБУК "Музей современного искусства ЕАО" г. Биробиджан _eживопись, графика, фотоюзинг _e[каталог подаренных работ членов СПАСИ и произведений из личной коллекции Андрея Маевского] _fСанкт-Петербургская академия современного искусства бессмертных _g[составление: Андрей Маевский] |
|
| 203 |
_aИзображение _aТекст _bвизуальные _cнепосредственные |
||
| 210 |
_aСанкт-Петербург _cЗнакъ _d2025 (макет 2024) |
||
| 215 |
_a35 с. _cил., цв. ил. _d30 |
||
| 532 | 1 | 2 | _aДар Санкт-Петербургской академии современного искусства бессмертных Областному государственному бюджетному учреждению культуры "Музей современного искусства ЕАО" г. Биробиджан |
| 601 | 0 | 2 |
_aМузей современного искусства ЕАО _cБиробиджан, город _xКоллекция изобразительного искусства _jКаталоги _3RU\NLR\AUTH\6601767834 _92701423 |
| 606 | 1 |
_aИзобразительное искусство русское _jКаталоги _z20 - 21 вв. _92347976 _3RU\NLR\AUTH\661402980 |
|
| 606 | 1 |
_aИзобразительное искусство _jКаталоги _yСССР _92121468 _3RU\NLR\AUTH\661280997 |
|
| 686 | 1 | _aЩ101.3(2Р)-2Биробиджан2Музей современного искусства ЕАО л61 | |
| 686 | 1 | _aЩ103(2Р=Рус)75 л61 | |
| 686 | 1 | _aЩ103(2)7 л61 | |
| 702 | 1 |
_aМаевский _bА. Н. _f1967- _gАндрей Николаевич _4220 |
|
| 711 | 0 | 2 |
_aСанкт-Петербургская академия современного искусства бессмертных _3RU\NLR\AUTH\889964002 _9424243 |
| 711 | 0 | 2 |
_aМузей современного искусства ЕАО _cБиробиджан _3RU\NLR\AUTH\880635303 _92687297 |
| 942 | _cBOOK | ||
| 980 | _aNB | ||